The Importance of the Deposit-return System of Packaging in the Circular Economy System: Slovak Innovation Experience for Ukraine

Zovšeobecňovanie existujúcich teoretických prístupov k organizácii systému zálohovania RPS a rozbor úspešných skúseností s ich implementáciou na Slovensku s cieľom rozšíriť ich v ukrajinskej realite.

Uložené v:
Podrobná bibliografia
Hlavný autor: Reshetnikova, Iryna
Ďalší autori: Lieskovská, Vanda, 1961-, Polous, Olha, Murin, Viliam, 1994-
Médium: Kapitola
Jazyk:English
Predmet:
Tagy: Pridať tag
Žiadne tagy, Buďte prvý, kto otaguje tento záznam!

MARC

LEADER 00000naa a2200000 4500
001 0308548
005 20260216081603.0
041 0 |a eng 
044 |a UA 
245 1 0 |a The Importance of the Deposit-return System of Packaging in the Circular Economy System: Slovak Innovation Experience for Ukraine  |c Iryna Reshetnikova, Vanda Lieskovská, Olha Polous, Viliam Murin 
520 |a Zovšeobecňovanie existujúcich teoretických prístupov k organizácii systému zálohovania RPS a rozbor úspešných skúseností s ich implementáciou na Slovensku s cieľom rozšíriť ich v ukrajinskej realite. 
610 2 0 |a hospodárstvo obehové 
610 2 0 |a ekonomika ekologická 
610 2 0 |a spolupráca cezhraničná 
610 2 0 |a spolupráca medzinárodná 
610 2 0 |a odpad 
610 2 0 |a odpad komunálny 
610 2 0 |a odpadky 
610 2 0 |a systémy zálohové 
610 2 0 |a výrobcovia 
610 2 0 |a zodpovednosť spoločenská 
610 2 0 |a zodpovednosť podniku spoločenská 
610 2 0 |a maloobchod 
610 2 0 |a obaly 
100 1 |a Reshetnikova, Iryna 
700 1 |a Lieskovská, Vanda, 1961- 
700 1 |a Polous, Olha 
700 1 |a Murin, Viliam, 1994-